La Intuición del Instante /

Síntesis de la filosofía de la duración de Henri Bergson y la filosofía del instante de Roupnel sobre la realidad temporal; esto es síntesis basada en la filosofía de la acción y la filosofía del acto en sí, respectivamente, para abordar el tiempo como conciencia de sí y posibilidad de conocer.

Guardado en:
Bibliografiske detaljer
Hovedforfatter: Bachelard, Gaston (autor)
Format: Bog
Sprog:spansk
Fag:
Tags: Tilføj Tag
Ingen Tags, Vær først til at tagge denne postø!

MARC

LEADER 00000nam^a2200000^a^4500
001 000027895
005 20250521000000.0
009 20260310084827.122
037 |a Acervo ITESO - Biblioteca 
041 |a ESP 
082 |a 149. 91  |b BAC 
100 |a Bachelard, Gaston  |e (autor) 
245 1 3 |a La Intuición del Instante /  |c G. Bachelard; epíl. de: J. Lescure; tr. por: F. Gorbea 
264 |a Buenos Aires, Argentina :  |b Siglo Veinte,  |c 1980 
300 |a 173 p. 
336 |a texto  |b txt  |2 rdacontenido 
337 |a sin mediación  |b n  |2 rdamedio 
338 |a volumen  |b nc  |2 rdasoporte 
500 |a Traducción de: L'Intuition de I'Instant 
520 |a Síntesis de la filosofía de la duración de Henri Bergson y la filosofía del instante de Roupnel sobre la realidad temporal; esto es síntesis basada en la filosofía de la acción y la filosofía del acto en sí, respectivamente, para abordar el tiempo como conciencia de sí y posibilidad de conocer. 
649 |a XX 
650 |a Filosofía del Siglo XX 
650 |a Filosofía Analítica 
910 |a Fondo General 
920 |a Impresos - Libros 
930 |a Colección General 
905 |a 101 
901 |a 0278950100  |b IT1  |c ACC  |i 027895  |u 20250521 
902 |a https://opac.biblio.iteso.mx/vufind/Record/000027895